| 000 | 00734nam a2200181Ia 4500 | ||
|---|---|---|---|
| 008 | 151202s9999||||xx |||||||||||||| ||und|| | ||
| 082 | _bPNVM-18026 | ||
| 100 | _aमुजुमदार द. चि. (संपा.). | ||
| 245 | _aव्यायामज्ञानकोश खंड 2 रा. | ||
| 260 | _b"द. चि. मुजुमदार, बडोदे." | ||
| 260 | _c1937 | ||
| 300 | _a500 | ||
| 600 | _aमुजुमदार द. चि. (संपा.). | ||
| 630 | _aव्यायामज्ञानकोश खंड 2 रा. | ||
| 700 | _aमुजुमदार द. चि. (संपा.). | ||
| 730 | _aव्यायामज्ञानकोश खंड 2 रा. | ||
| 942 | _cBOOK | ||
| 999 |
_c1284010 _d1284007 |
||